Compositions d'équipes des finales de Coupe du Monde. #1 - Statistiques

Statistiques générales
  • Ce quiz a été pris 222 fois
  • Le résultat moyen est 34 sur 44
Statistiques - réponses
Années Nations Postes Joueurs % Correct
2022 France Gardien Hugo Lloris
99%
2018 France Gardien Hugo Lloris
99%
Ailier Gauche Kylian Mbappé
98%
Ailier Gauche Kylian Mbappé
98%
Ailier Droit Lionel Messi
97%
Milieu Offensif Antoine Griezmann
96%
Milieu Offensif/AIlier Droit Antoine Griezmann
96%
2022 Argentine Gardien Emiliano Martinez
96%
Attaquant Olivier Giroud
96%
Attaquant Olivier Giroud
96%
Défenseur Central Raphaël Varane
96%
Défenseur Central Raphaël Varane
96%
Défenseur Gauche Lucas Hernandez
94%
Ailier Droit Ousmane Dembélé
94%
Milieu de terrain Paul Pogba
94%
Défenseur Gauche Théo Hernandez
94%
Défenseur Droit Benjamin Pavard
92%
Défenseur Central Dayot Upamecano
90%
Milieu de terrain N'Golo Kanté
90%
Ailier Gauche Angel Di Maria
89%
Milieu de terrain Blaise Matuidi
89%
Défenseur Droit Jules Koundé
89%
Défenseur Central Samuel Umtiti
89%
Milieu de terrain Adrien Rabiot
87%
Milieu de terrain Luka Modric
87%
Milieu de terrain Aurélien Tchouameni
85%
Ailier Droit Ivan Perisic
79%
Attaquant Mario Mandzukic
78%
Attaquant Julian Alvarez
76%
Défenseur Central Nicolas Otamendi
75%
Milieu de terrain Ivan Rakitic
71%
Milieu de terrain Rodrigo De Paul
71%
2018 Croatie Gardien Danijel Subasic
67%
Milieu de terrain Enzo Fernandez
64%
Défenseur Gauche Nicolas Tagliafico
59%
Milieu de terrain Alexis Mac Allister
58%
Défenseur Central Domagoj Vida
55%
Défenseur Central Christian Romero
50%
Milieu de terrain Marcelo Brozovic
48%
Défenseur Central Dejan Lovren
44%
Défenseur Droit Nahuel Molina
43%
Ailier Gauche Ante Rebic
27%
Défenseur Droit Sime Vrsaljko
27%
Défenseur Gauche Ivan Strinic
13%
Aucun quiz correspondant
Distribution des résultats
% des personnes avec chaque résultat
Percentile par nombre de réponses
Votre historique - résultats
Vous n’avez pas pris ce quiz